| 000 | 01222nam a2200301 c 4500 | ||
|---|---|---|---|
| 999 |
_c341559 _d341559 |
||
| 003 | BLK | ||
| 005 | 20210407084638.0 | ||
| 008 | 180911b bul|||||r ||||||| ||bul|| | ||
| 010 | _a001189 | ||
| 040 | _aBLK | ||
| 041 |
_aBUL _cBUL |
||
| 080 | _z37.018.5(497.2)+949.72.05 | ||
| 100 | 1 |
_aКАНДИЛАРОВ, Георги _eпърви автор _9399282 |
|
| 245 | 0 | 0 |
_aБългарските гимназии и основни училища в Солун _bПо случай на 50-годишнината на Солунските български гимназии |
| 260 |
_aСофия _bМакед. науч. инст. _c1930 _fП. Глушков |
||
| 300 |
_a200 с. _c24 см |
||
| 380 | _a0 | ||
| 490 |
_aЧастна колекция - Академик Михаил Арнаудов _gДарение - Основен фонд |
||
| 520 | _aМихаил Арнаудов: негови-книга | ||
| 520 | _aПодчертавания в текста : с. 25 и др. | ||
| 650 |
_aИстория _9399283 |
||
| 650 |
_aУчилищно дело _9399284 |
||
| 655 |
_aбългарско образование _9396216 |
||
| 700 | 1 |
_aГеорги Ст. Кандиларов _9399285 |
|
| 852 | _aМА 2876 | ||
| 852 |
_aЦб 3.235.11431 _bЦб |
||
| 942 |
_cKNG _n0 _s1 |
||
| 944 |
_aCR _c1994 |
||
| 999 | _d341559 | ||
| 999 | _d341559 | ||
| 999 | _d341559 | ||